Hauptstädte am Nächsten von Deutschland - Statistiken

Allgemein
  • Dieses Quiz wurde 603 mal gespielt
  • Das Durchschnittsergebnis liegt bei 17 aus 20
Antwortstatistiken
Km Hauptstadt % Korrekt
301 Paris
99%
194 Wien
99%
82 Prag
98%
93 Amsterdam
97%
67 Bern
97%
109 Brüssel
97%
17 Luxemburg
97%
426 Warschau
97%
120 Kopenhagen
96%
620 Rom u. Vatikanstadt
91%
588 Stockholm
88%
558 Oslo
87%
47 Vaduz
85%
421 London
84%
249 Bratislava
76%
292 Zagreb
70%
194 Ljubljana
66%
423 Monaco
66%
395 San Marino
65%
581 Sarajevo
45%
Keine übereinstimmenden Quizze gefunden
Verteilung der Resultate
Anzahl Personen mit jedem Resultat
Perzentil nach korrekt beantworteten Fragen
Ihre Resultats-Entwicklung
Sie haben dieses Quiz noch nicht gespielt